[Event "Frederikssund DSU 100 years D"]
[Site "Frederikssund"]
[Date "2003.02.09"]
[Round "5"]
[White "Aager, Arvid"]
[Black "Jensen, Jan Kargaard"]
[Result "1/2-1/2"]
[WhiteElo "1647"]
[BlackElo "1647"]
[PlyCount "157"]
[EventDate "2003.02.07"]
[EventType "tourn"]
[EventRounds "5"]
[EventCountry "DEN"]
[SourceTitle "EXT 2023"]
[Source "ChessBase"]
[SourceDate "2022.10.05"]
[SourceVersion "1"]
[SourceVersionDate "2022.10.05"]
[SourceQuality "1"]

1. e4 g6 2. d4 d6 3. Nf3 Bg7 4. Nc3 Nf6 5. Bg5 Nbd7 6. e5 dxe5 7. dxe5 Ng4 8. Nd5 c6 9. Nxe7 Qa5+ 10. Qd2 Qxd2+ 11. Nxd2 Ngxe5 12. Nxc8 Rxc8 13. Ne4 Bf8 14. Nf6+ Ke7 15. Nxd7+ Kxd7 16. Bf6 Re8 17. 0-0-0+ Bd6 18. Bxh8 Rxh8 19. f3 Re8 20. h3 f6 21. Bd3 Nxd3+ 22. Rxd3 Kc7 23. g4 g5 24. Rhd1 Re6 25. b3 b6 26. c3 h6 27. b4 a6 28. Kc2 b5 29. Kb3 c5 30. bxc5 Bxc5 31. Rd7+ Kb6 32. R1d3 a5 33. a4 bxa4+ 34. Kxa4 Re1 35. Rh7 Ra1+ 36. Kb3 a4+ 37. Kb2 Re1 38. Rd2 Re3 39. Rxh6 Rxf3 40. h4 gxh4 41. Rxh4 Kb5 42. Rh5 Kc4 43. Rc2 Rg3 44. Rh4 a3+ 45. Ka2 Kd3 46. Kb3 Be7 47. Rh7 Bc5 48. Rh4 Rg1 49. Rh3+ Ke4 50. Kc4 Bd6 51. Rd2 Be5 52. Ra2 Rxg4 53. Rxa3 f5 54. Ra1 Bg3 55. Kb3 f4 56. c4 f3 57. c5 f2 58. c6 Kf3 59. Rhh1 Kg2 60. Rhf1 Rg6 61. Rfc1 Bc7 62. Rab1 Bf4 63. Rc2 Re6 64. Rbb2 Bg3 65. Ka2 Kg1 66. Rxf2 Bxf2 67. Rc2 Bb6 68. Kb3 Bc7 69. Ka4 Re5 70. Kb4 Rf5 71. Kc4 Rh5 72. Kd3 Rg5 73. Ke3 Rf5 74. Ke4 Ra5 75. Kf3 Rf5+ 76. Kg4 Rd5 77. Kf3 Rf5+ 78. Ke4 Rh5 79. Kf3 1/2-1/2